[Event "Baku Chess Olympiad | Open"]
[Site "chess24.com"]
[Date "2016.09.12"]
[Round "10"]
[White "Sohib, Okla"]
[Black "Oberholzer, Rex"]
[Result "1-0"]
[Board "3"]
[WhiteID "7602421"]
[WhiteElo "2153"]
[WhiteCountry "SYR"]
[WhiteFideId "7602421"]
[WhiteEloChange "7"]
[BlackID "15200035"]
[BlackElo "2047"]
[BlackCountry "NAM"]
[BlackFideId "15200035"]
[BlackEloChange "-7"]

1. d4 {[%clk 1:30:49]} Nf6 {[%clk 1:30:52]} 2. Nf3 {[%clk 1:31:09]} d5 {[%clk
1:31:16]} 3. g3 {[%clk 1:31:32]} e6 {[%clk 1:31:45]} 4. Bg2 {[%clk 1:31:51]} b5
{[%clk 1:32:08]} 5. O-O {[%clk 1:29:39]} Nbd7 {[%clk 1:32:32]} 6. a4 {[%clk
1:28:58]} b4 {[%clk 1:32:57]} 7. c4 {[%clk 1:29:17]} c5 {[%clk 1:31:10]} 8. a5
{[%clk 1:28:26]} Ba6 {[%clk 1:31:05]} 9. cxd5 {[%clk 1:26:54]} Nxd5 {[%clk
1:30:45]} 10. Re1 {[%clk 1:26:18]} Be7 {[%clk 1:30:32]} 11. e4 {[%clk 1:25:35]}
Nc7 {[%clk 1:28:47]} 12. d5 {[%clk 1:23:48]} Nf6 {[%clk 1:27:23]} 13. d6 {[%clk
1:23:05]} Bxd6 {[%clk 1:21:46]} 14. e5 {[%clk 1:22:28]} Be7 {[%clk 1:22:01]} 15.
exf6 {[%clk 1:21:37]} Bxf6 {[%clk 1:21:58]} 16. Nbd2 {[%clk 1:13:50]} O-O {[%clk
1:22:03]} 17. Ne4 {[%clk 1:13:31]} Be7 {[%clk 1:21:15]} 18. Be3 {[%clk 1:10:55]}
c4 {[%clk 1:18:39]} 19. Ne5 {[%clk 1:03:58]} Qxd1 {[%clk 1:16:53]} 20. Raxd1
{[%clk 1:03:17]} Bb5 {[%clk 1:16:22]} 21. Nxc4 {[%clk 0:46:40]} Nd5 {[%clk
1:11:48]} 22. Rc1 {[%clk 0:39:46]} Nxe3 {[%clk 1:10:08]} 23. Nxe3 {[%clk
0:38:37]} Rac8 {[%clk 1:09:53]} 24. Rxc8 {[%clk 0:36:21]} Rxc8 {[%clk 1:10:17]}
25. Bf1 {[%clk 0:36:13]} Ba4 {[%clk 1:08:54]} 26. Ra1 {[%clk 0:28:52]} Bd7 {[%clk
1:08:25]} 27. Nc4 {[%clk 0:23:17]} Rc7 {[%clk 1:07:10]} 28. b3 {[%clk 0:22:55]}
Bb5 {[%clk 1:07:23]} 29. Rd1 {[%clk 0:22:11]} Kf8 {[%clk 1:04:33]} 30. Ne3 {[%clk
0:06:15]} Bd7 {[%clk 1:02:41]} 31. Bc4 {[%clk 0:06:12]} Bc6 {[%clk 1:02:16]} 32.
Bd3 {[%clk 0:02:55]} Ba8 {[%clk 1:00:12]} 33. Nd2 {[%clk 0:02:06]} Rd7 {[%clk
0:59:17]} 34. Be4 {[%clk 0:01:38]} Bxe4 {[%clk 0:58:20]} 35. Nxe4 {[%clk
0:02:07]} Rxd1+ {[%clk 0:57:24]} 36. Nxd1 {[%clk 0:02:35]} Bd8 {[%clk 0:57:22]}
37. a6 {[%clk 0:02:31]} Ke7 {[%clk 0:57:32]} 38. Kf1 {[%clk 0:02:42]} f5 {[%clk
0:57:51]} 39. Nc5 {[%clk 0:02:30]} Bc7 {[%clk 0:56:50]} 40. Nb2 {[%clk 0:31:31]}
Kf6 {[%clk 1:25:36]} 41. Nbd3 {[%clk 0:29:50]} Bd6 {[%clk 1:25:47]} 42. Nb7
{[%clk 0:29:58]} Be7 {[%clk 1:26:10]} 43. Na5 {[%clk 0:29:51]} e5 {[%clk
1:25:49]} 44. Nc6 {[%clk 0:30:02]} Bd6 {[%clk 1:25:54]} 45. Nxa7 {[%clk 0:30:14]}
1-0

[Event "Baku Chess Olympiad | Open"]
[Site "chess24.com"]
[Date "2016.09.12"]
[Round "10"]
[White "Nitzborn, Max Baron"]
[Black "Alzaim, Talal"]
[Result "*"]
[Board "4"]
[WhiteID "15200434"]
[WhiteElo "1970"]
[WhiteCountry "NAM"]
[WhiteFideId "15200434"]
[BlackID "7600402"]
[BlackElo "2259"]
[BlackCountry "SYR"]
[BlackFideId "7600402"]

1. e4 {[%clk 1:30:54]} e6 {[%clk 1:30:51]} 2. d4 {[%clk 1:31:14]} d5 {[%clk
1:31:13]} 3. exd5 {[%clk 1:31:41]} exd5 {[%clk 1:31:40]} 4. c4 {[%clk 1:31:58]}
Nf6 {[%clk 1:32:00]} 5. Nc3 {[%clk 1:32:23]} Be7 {[%clk 1:32:09]} 6. Nf3 {[%clk
1:31:27]} O-O {[%clk 1:32:35]} 7. Bd3 {[%clk 1:31:53]} Nc6 {[%clk 1:32:44]} 8.
cxd5 {[%clk 1:31:16]} Nb4 {[%clk 1:32:32]} 9. Bc4 {[%clk 1:30:04]} Nbxd5 {[%clk
1:32:43]} 10. O-O {[%clk 1:30:29]} c6 {[%clk 1:32:12]} 11. a3 {[%clk 1:29:51]}
Bg4 {[%clk 1:31:38]} 12. Re1 {[%clk 1:29:41]} Bd6 {[%clk 1:25:11]} 13. Bg5 {[%clk
1:28:50]} Qa5 {[%clk 1:24:12]} 14. Bd2 {[%clk 1:14:03]} Nxc3 {[%clk 1:14:40]} 15.
Bxc3 {[%clk 1:07:58]} Qh5 {[%clk 1:14:32]} 16. h3 {[%clk 1:08:04]} Bxf3 {[%clk
1:14:33]} 17. Qxf3 {[%clk 1:08:32]} Qxf3 {[%clk 1:14:52]} 18. gxf3 {[%clk
1:08:51]} Rfe8 {[%clk 1:14:28]} 19. Rad1 {[%clk 1:06:53]} Rxe1+ {[%clk 1:11:31]}
20. Rxe1 {[%clk 1:07:07]} Rd8 {[%clk 1:09:16]} 21. Re3 {[%clk 0:42:47]} Kf8
{[%clk 1:06:02]} 22. Kf1 {[%clk 0:41:25]} Be7 {[%clk 1:02:55]} 23. Ke1 {[%clk
0:39:15]} Nd5 {[%clk 1:02:51]} 24. Bxd5 {[%clk 0:38:15]} Rxd5 {[%clk 1:03:11]}
25. Re5 {[%clk 0:38:40]} Rd7 {[%clk 1:03:07]} 26. Ke2 {[%clk 0:38:56]} g6 {[%clk
1:02:42]} 27. f4 {[%clk 0:39:18]} Bd6 {[%clk 1:02:51]} 28. Re4 {[%clk 0:39:15]}
f5 {[%clk 1:03:03]} 29. Re3 {[%clk 0:37:21]} Bxf4 {[%clk 1:03:20]} 30. Rd3 {[%clk
0:37:03]} Kf7 {[%clk 1:03:28]} 31. Rf3 {[%clk 0:34:41]} Bg5 {[%clk 0:59:20]} 32.
Rd3 {[%clk 0:33:22]} Rd5 {[%clk 0:58:26]} 33. Bb4 {[%clk 0:27:41]} Bf6 {[%clk
0:57:51]} 34. Bc3 {[%clk 0:28:04]} g5 {[%clk 0:55:06]} 35. f3 {[%clk 0:27:18]} h5
{[%clk 0:54:08]} 36. Ke3 {[%clk 0:24:03]} Rd8 {[%clk 0:52:17]} 37. Ke2 {[%clk
0:23:42]} Ke6 {[%clk 0:52:11]} 38. b3 {[%clk 0:21:42]} Kd5 {[%clk 0:48:46]} 39.
Kf2 {[%clk 0:18:55]} Re8 {[%clk 0:46:15]} 40. Bb2 {[%clk 0:48:53]} b5 {[%clk
1:12:44]} 41. Rd2 {[%clk 0:48:59]} a5 {[%clk 1:12:34]} 42. Rd1 {[%clk 0:45:36]}
f4 {[%clk 1:12:44]} 43. Rc1 {[%clk 0:43:55]} Re3 {[%clk 1:08:36]} 44. b4 {[%clk
0:43:42]} axb4 {[%clk 1:08:09]} 45. axb4 {[%clk 0:44:06]} Rb3 {[%clk 1:08:34]}
46. Rc5+ {[%clk 0:44:04]} Kd6 {[%clk 1:08:54]} 47. Ba1 {[%clk 0:43:43]} Ra3
{[%clk 1:08:39]} *

[Event "Baku Chess Olympiad | Open"]
[Site "chess24.com"]
[Date "2016.09.12"]
[Round "10"]
[White "Tapia, Alexei"]
[Black "Blijstra, Wim"]
[Result "1-0"]
[Board "1"]
[WhiteID "6600581"]
[WhiteElo "2183"]
[WhiteCountry "PAN"]
[WhiteFideId "6600581"]
[WhiteEloChange "11"]
[BlackID "1018000"]
[BlackElo "2216"]
[BlackTitle "FM"]
[BlackCountry "AHO"]
[BlackFideId "1018000"]
[BlackEloChange "-11"]

1. Nf3 {[%clk 1:30:56]} c5 {[%clk 1:30:46]} 2. g3 {[%clk 1:30:48]} g6 {[%clk
1:30:59]} 3. Bg2 {[%clk 1:27:05]} Bg7 {[%clk 1:31:10]} 4. c4 {[%clk 1:27:17]} Nc6
{[%clk 1:31:31]} 5. Nc3 {[%clk 1:27:20]} e6 {[%clk 1:29:40]} 6. e3 {[%clk
1:25:44]} Nge7 {[%clk 1:25:25]} 7. O-O {[%clk 1:23:33]} d5 {[%clk 1:25:01]} 8.
cxd5 {[%clk 1:21:40]} exd5 {[%clk 1:24:27]} 9. d4 {[%clk 1:21:47]} cxd4 {[%clk
1:15:09]} 10. Nxd4 {[%clk 1:21:17]} O-O {[%clk 1:15:20]} 11. Nce2 {[%clk
1:20:40]} Qb6 {[%clk 1:14:34]} 12. b3 {[%clk 1:16:37]} Bg4 {[%clk 1:14:37]} 13.
f3 {[%clk 1:15:33]} Be6 {[%clk 1:13:59]} 14. Bb2 {[%clk 1:15:08]} a5 {[%clk
1:08:18]} 15. a3 {[%clk 1:07:20]} Nf5 {[%clk 1:03:40]} 16. Qd2 {[%clk 1:06:22]}
Rfe8 {[%clk 1:03:53]} 17. Rfe1 {[%clk 1:03:36]} Bh6 {[%clk 0:48:17]} 18. f4
{[%clk 1:01:12]} Rad8 {[%clk 0:38:42]} 19. Rac1 {[%clk 0:56:59]} Bg7 {[%clk
0:29:18]} 20. Nxf5 {[%clk 0:52:20]} Bxf5 {[%clk 0:26:25]} 21. Bxg7 {[%clk
0:52:32]} Kxg7 {[%clk 0:24:24]} 22. Nd4 {[%clk 0:51:15]} Nxd4 {[%clk 0:21:56]}
23. Qxd4+ {[%clk 0:51:02]} Qxd4 {[%clk 0:22:23]} 24. exd4 {[%clk 0:51:24]} Rxe1+
{[%clk 0:22:18]} 25. Rxe1 {[%clk 0:51:52]} Bc2 {[%clk 0:22:32]} 26. Re7 {[%clk
0:48:52]} Bxb3 {[%clk 0:18:05]} 27. Rxb7 {[%clk 0:49:14]} a4 {[%clk 0:18:28]} 28.
Rb5 {[%clk 0:43:57]} Rc8 {[%clk 0:16:14]} 29. Rc5 {[%clk 0:42:51]} Re8 {[%clk
0:16:01]} 30. Kf2 {[%clk 0:42:45]} Bc4 {[%clk 0:16:23]} 31. Bxd5 {[%clk 0:41:56]}
Bxd5 {[%clk 0:16:51]} 32. Rxd5 {[%clk 0:41:21]} Rb8 {[%clk 0:17:16]} 33. Ra5
{[%clk 0:40:56]} Rb2+ {[%clk 0:17:43]} 34. Kg1 {[%clk 0:41:09]} Kf6 {[%clk
0:17:55]} 35. Rxa4 {[%clk 0:38:19]} Kf5 {[%clk 0:18:20]} 36. Rb4 {[%clk 0:38:44]}
Ra2 {[%clk 0:18:44]} 37. d5 {[%clk 0:28:03]} Rxa3 {[%clk 0:13:36]} 38. Rd4 {[%clk
0:27:17]} Ra7 {[%clk 0:13:53]} 39. Kf2 {[%clk 0:27:20]} Kf6 {[%clk 0:14:03]} 40.
Ke3 {[%clk 0:57:04]} Ke7 {[%clk 0:44:14]} 41. Ke4 {[%clk 0:57:08]} Ra1 {[%clk
0:44:37]} 42. d6+ {[%clk 0:57:05]} Kd7 {[%clk 0:45:02]} 43. Ke5 {[%clk 0:57:29]}
f5 {[%clk 0:45:16]} 44. Rd2 {[%clk 0:57:33]} Ra6 {[%clk 0:43:19]} 45. Kf6 {[%clk
0:56:54]} Rxd6+ {[%clk 0:42:55]} 46. Rxd6+ {[%clk 0:57:22]} Kxd6 {[%clk 0:43:05]}
47. Kg7 {[%clk 0:57:47]} Ke6 {[%clk 0:43:29]} 48. Kxh7 {[%clk 0:57:54]} Kf7
{[%clk 0:43:55]} 49. Kh6 {[%clk 0:58:16]} Kf6 {[%clk 0:44:23]} 50. h4 {[%clk
0:58:39]} Kf7 {[%clk 0:44:47]} 51. Kg5 {[%clk 0:59:04]} Kg7 {[%clk 0:45:10]} 52.
h5 {[%clk 0:59:28]} gxh5 {[%clk 0:45:38]} 53. Kxh5 {[%clk 0:59:47]} Kf6 {[%clk
0:46:03]} 54. Kh6 {[%clk 1:00:13]} 1-0

[Event "Baku Chess Olympiad | Open"]
[Site "chess24.com"]
[Date "2016.09.12"]
[Round "10"]
[White "Mathews, Cesar"]
[Black "Izijk, Jimmy"]
[Result "0-1"]
[Board "3"]
[WhiteID "6600360"]
[WhiteElo "2116"]
[WhiteTitle "CM"]
[WhiteCountry "PAN"]
[WhiteFideId "6600360"]
[WhiteEloChange "-13"]
[BlackID "7500041"]
[BlackElo "1991"]
[BlackTitle "CM"]
[BlackCountry "AHO"]
[BlackFideId "7500041"]
[BlackEloChange "13"]

1. e4 {[%clk 1:30:56]} c5 {[%clk 1:30:47]} 2. Nf3 {[%clk 1:31:22]} d6 {[%clk
1:31:13]} 3. d4 {[%clk 1:31:46]} cxd4 {[%clk 1:31:38]} 4. Nxd4 {[%clk 1:32:13]}
Nf6 {[%clk 1:32:00]} 5. Nc3 {[%clk 1:32:39]} a6 {[%clk 1:32:24]} 6. Be3 {[%clk
1:33:05]} e6 {[%clk 1:32:29]} 7. g4 {[%clk 1:33:30]} Be7 {[%clk 1:30:26]} 8. g5
{[%clk 1:24:12]} Nfd7 {[%clk 1:30:36]} 9. Qd2 {[%clk 1:23:02]} Qc7 {[%clk
1:27:52]} 10. O-O-O {[%clk 1:19:12]} b5 {[%clk 1:27:39]} 11. f4 {[%clk 1:08:27]}
Bb7 {[%clk 1:25:55]} 12. Bg2 {[%clk 0:59:14]} Nb6 {[%clk 1:23:31]} 13. b3 {[%clk
0:42:56]} N8d7 {[%clk 1:17:51]} 14. Kb1 {[%clk 0:40:47]} Nc5 {[%clk 1:15:23]} 15.
Ndxb5 {[%clk 0:27:57]} axb5 {[%clk 1:14:33]} 16. Nxb5 {[%clk 0:28:17]} Qc8 {[%clk
0:48:53]} 17. Nxd6+ {[%clk 0:23:44]} Bxd6 {[%clk 0:48:54]} 18. Qxd6 {[%clk
0:24:11]} Nxe4 {[%clk 0:48:31]} 19. Bxe4 {[%clk 0:17:00]} Bxe4 {[%clk 0:48:39]}
20. Bc5 {[%clk 0:17:21]} Ra7 {[%clk 0:40:26]} 21. Qxb6 {[%clk 0:15:50]} Rb7
{[%clk 0:40:17]} 22. Qa5 {[%clk 0:15:05]} Bxh1 {[%clk 0:36:34]} 23. Rxh1 {[%clk
0:15:27]} f6 {[%clk 0:36:52]} 24. gxf6 {[%clk 0:13:46]} gxf6 {[%clk 0:37:20]} 25.
Bd4 {[%clk 0:11:29]} Ke7 {[%clk 0:24:11]} 26. Re1 {[%clk 0:10:36]} Qd7 {[%clk
0:20:30]} 27. Bxf6+ {[%clk 0:10:42]} Kxf6 {[%clk 0:19:07]} 28. Qe5+ {[%clk
0:11:09]} Kf7 {[%clk 0:13:49]} 29. Qxh8 {[%clk 0:11:09]} 0-1

[Event "Baku Chess Olympiad | Open"]
[Site "chess24.com"]
[Date "2016.09.12"]
[Round "10"]
[White "Martis, Valentino"]
[Black "Leon, Orlando"]
[Result "0-1"]
[Board "4"]
[WhiteID "7500254"]
[WhiteElo "1917"]
[WhiteCountry "AHO"]
[WhiteFideId "7500254"]
[WhiteEloChange "-6"]
[BlackID "6600913"]
[BlackElo "2060"]
[BlackCountry "PAN"]
[BlackFideId "6600913"]
[BlackEloChange "6"]

1. e4 {[%clk 1:30:57]} c5 {[%clk 1:30:50]} 2. Nc3 {[%clk 1:31:08]} g6 {[%clk
1:29:53]} 3. f4 {[%clk 1:30:45]} Bg7 {[%clk 1:29:11]} 4. Nf3 {[%clk 1:30:36]} Nc6
{[%clk 1:29:24]} 5. Bb5 {[%clk 1:28:48]} Nd4 {[%clk 1:28:04]} 6. a4 {[%clk
1:24:50]} a6 {[%clk 1:23:55]} 7. Bc4 {[%clk 1:22:57]} d6 {[%clk 1:22:55]} 8. O-O
{[%clk 1:14:55]} e6 {[%clk 1:19:38]} 9. d3 {[%clk 1:11:52]} Ne7 {[%clk 1:19:38]}
10. Nxd4 {[%clk 1:03:04]} cxd4 {[%clk 1:14:19]} 11. Ne2 {[%clk 1:02:32]} d5
{[%clk 1:14:18]} 12. Bb3 {[%clk 0:58:27]} dxe4 {[%clk 1:14:20]} 13. dxe4 {[%clk
0:58:54]} O-O {[%clk 1:09:29]} 14. e5 {[%clk 0:49:35]} Nf5 {[%clk 1:07:42]} 15.
g4 {[%clk 0:46:44]} Ne3 {[%clk 1:06:20]} 16. Bxe3 {[%clk 0:47:07]} dxe3 {[%clk
1:06:45]} 17. Qxd8 {[%clk 0:45:43]} Rxd8 {[%clk 1:07:12]} 18. Rf3 {[%clk
0:45:43]} Bf8 {[%clk 1:04:33]} 19. Kf1 {[%clk 0:39:41]} Bc5 {[%clk 1:02:54]} 20.
Nc3 {[%clk 0:35:59]} Bd7 {[%clk 0:58:06]} 21. Ne4 {[%clk 0:35:51]} Bc6 {[%clk
0:58:15]} 22. Nf6+ {[%clk 0:36:19]} Kg7 {[%clk 0:58:12]} 23. Rh3 {[%clk 0:36:38]}
h6 {[%clk 0:58:25]} 24. f5 {[%clk 0:33:52]} Rd2 {[%clk 0:58:30]} 25. Ke1 {[%clk
0:31:59]} exf5 {[%clk 0:53:50]} 26. gxf5 {[%clk 0:32:22]} Rg2 {[%clk 0:53:00]}
27. Rd1 {[%clk 0:30:19]} Rg1+ {[%clk 0:47:18]} 28. Ke2 {[%clk 0:30:40]} Rxd1
{[%clk 0:47:20]} 29. Kxd1 {[%clk 0:31:08]} Rd8+ {[%clk 0:46:44]} 30. Ke1 {[%clk
0:30:35]} Bd4 {[%clk 0:38:04]} 31. fxg6 {[%clk 0:28:56]} fxg6 {[%clk 0:37:50]}
32. Ng4 {[%clk 0:28:06]} h5 {[%clk 0:37:25]} 33. Nxe3 {[%clk 0:27:05]} Bxe5
{[%clk 0:37:43]} 34. Nc4 {[%clk 0:15:56]} Bc7 {[%clk 0:37:46]} 35. Re3 {[%clk
0:14:26]} Bxh2 {[%clk 0:35:15]} 36. Na5 {[%clk 0:13:35]} Re8 {[%clk 0:26:48]} 37.
Rxe8 {[%clk 0:13:23]} Bxe8 {[%clk 0:27:17]} 38. Nxb7 {[%clk 0:13:25]} Bc6 {[%clk
0:22:36]} 39. Nc5 {[%clk 0:04:43]} a5 {[%clk 0:22:20]} 40. Nd3 {[%clk 0:33:35]}
Bd6 {[%clk 0:52:04]} 41. c3 {[%clk 0:33:01]} g5 {[%clk 0:48:17]} 42. Bd1 {[%clk
0:33:00]} g4 {[%clk 0:46:08]} 43. b4 {[%clk 0:32:33]} axb4 {[%clk 0:46:09]} 44.
cxb4 {[%clk 0:32:54]} Be4 {[%clk 0:41:42]} 45. Be2 {[%clk 0:30:36]} Kh6 {[%clk
0:34:46]} 46. a5 {[%clk 0:25:50]} g3 {[%clk 0:33:14]} 47. Kf1 {[%clk 0:25:12]} h4
{[%clk 0:32:00]} 48. Nf2 {[%clk 0:23:43]} Bd5 {[%clk 0:28:52]} 49. Ng4+ {[%clk
0:18:37]} Kg5 {[%clk 0:28:48]} 50. Nf2 {[%clk 0:05:12]} Bxb4 {[%clk 0:27:52]} 51.
Nh3+ {[%clk 0:05:05]} Kf5 {[%clk 0:27:03]} 52. Bd3+ {[%clk 0:03:48]} Ke5 {[%clk
0:25:54]} 53. Kg1 {[%clk 0:02:56]} Bxa5 {[%clk 0:24:03]} 0-1

[Event "Baku Chess Olympiad | Open"]
[Site "chess24.com"]
[Date "2016.09.12"]
[Round "10"]
[White "Cu Hor, Winston Darwin"]
[Black "Aloma Vidal, Robert"]
[Result "*"]
[Board "1"]
[WhiteID "7300662"]
[WhiteElo "2318"]
[WhiteTitle "FM"]
[WhiteCountry "GUA"]
[WhiteFideId "7300662"]
[BlackID "2260409"]
[BlackElo "2482"]
[BlackTitle "IM"]
[BlackCountry "AND"]
[BlackFideId "2260409"]

1. Nf3 {[%clk 1:30:56]} d5 {[%clk 1:30:35]} 2. c4 {[%clk 1:30:31]} dxc4 {[%clk
1:30:57]} 3. e3 {[%clk 1:29:37]} Nf6 {[%clk 1:31:19]} 4. Na3 {[%clk 1:29:26]} g6
{[%clk 1:26:55]} 5. Nxc4 {[%clk 1:26:59]} Bg7 {[%clk 1:27:16]} 6. Be2 {[%clk
1:26:49]} O-O {[%clk 1:27:20]} 7. d4 {[%clk 1:22:45]} c5 {[%clk 1:25:06]} 8. O-O
{[%clk 1:22:43]} Nc6 {[%clk 1:24:27]} 9. dxc5 {[%clk 1:12:45]} Ne4 {[%clk
1:21:21]} 10. Bd2 {[%clk 1:12:55]} Nxc5 {[%clk 1:18:06]} 11. Rc1 {[%clk 1:09:31]}
Ne4 {[%clk 1:16:43]} 12. Qb3 {[%clk 1:04:20]} Nxd2 {[%clk 1:15:12]} 13. Nfxd2
{[%clk 1:04:13]} Rb8 {[%clk 0:56:30]} 14. a4 {[%clk 0:50:05]} Be6 {[%clk
0:49:57]} 15. Rfd1 {[%clk 0:49:52]} Qc7 {[%clk 0:44:41]} 16. Qa3 {[%clk 0:47:27]}
Rfd8 {[%clk 0:42:53]} 17. b4 {[%clk 0:45:52]} Bd5 {[%clk 0:27:49]} 18. b5 {[%clk
0:33:03]} Ne5 {[%clk 0:25:59]} 19. Nxe5 {[%clk 0:32:23]} Qxe5 {[%clk 0:26:22]}
20. Nf3 {[%clk 0:31:36]} Qe4 {[%clk 0:20:46]} 21. Rc7 {[%clk 0:25:43]} Bf6 {[%clk
0:20:12]} 22. h3 {[%clk 0:24:15]} Be6 {[%clk 0:17:58]} 23. Bd3 {[%clk 0:20:16]}
Qd5 {[%clk 0:15:46]} 24. Be2 {[%clk 0:18:24]} Qf5 {[%clk 0:13:33]} 25. Nd4 {[%clk
0:13:53]} Bxd4 {[%clk 0:13:47]} 26. exd4 {[%clk 0:13:56]} Qf4 {[%clk 0:02:24]}
27. Qxe7 {[%clk 0:12:11]} Re8 {[%clk 0:02:09]} 28. Qc5 {[%clk 0:11:01]} Bb3
{[%clk 0:02:06]} 29. g3 {[%clk 0:06:28]} Qe4 {[%clk 0:01:35]} 30. Rd2 {[%clk
0:04:39]} Bd5 {[%clk 0:01:22]} *

[Event "Baku Chess Olympiad | Open"]
[Site "chess24.com"]
[Date "2016.09.12"]
[Round "10"]
[White "De La Riva Aguado, Oscar"]
[Black "Juarez Flores, Carlos A."]
[Result "0-1"]
[Board "2"]
[WhiteID "6900224"]
[WhiteElo "2503"]
[WhiteTitle "GM"]
[WhiteCountry "AND"]
[WhiteFideId "6900224"]
[WhiteEloChange "-7"]
[BlackID "7300018"]
[BlackElo "2392"]
[BlackTitle "IM"]
[BlackCountry "GUA"]
[BlackFideId "7300018"]
[BlackEloChange "13"]

1. e4 {[%clk 1:30:55]} e6 {[%clk 1:30:56]} 2. d4 {[%clk 1:30:59]} d5 {[%clk
1:31:23]} 3. Nc3 {[%clk 1:30:53]} Bb4 {[%clk 1:31:45]} 4. exd5 {[%clk 1:30:32]}
exd5 {[%clk 1:31:29]} 5. Bd3 {[%clk 1:30:52]} Nc6 {[%clk 1:30:18]} 6. a3 {[%clk
1:30:36]} Be7 {[%clk 1:29:03]} 7. Nce2 {[%clk 1:28:45]} Bg4 {[%clk 1:28:25]} 8.
c3 {[%clk 1:27:44]} Nf6 {[%clk 1:25:01]} 9. Qc2 {[%clk 1:21:34]} Bh5 {[%clk
1:23:27]} 10. Ng3 {[%clk 1:02:07]} Bg6 {[%clk 1:23:35]} 11. Nf5 {[%clk 1:02:15]}
O-O {[%clk 1:21:12]} 12. Ne2 {[%clk 1:00:21]} Re8 {[%clk 1:19:10]} 13. O-O {[%clk
0:59:54]} Qd7 {[%clk 1:13:27]} 14. Neg3 {[%clk 0:50:31]} Bf8 {[%clk 1:10:44]} 15.
f3 {[%clk 0:50:30]} Nh5 {[%clk 1:08:17]} 16. Bd2 {[%clk 0:48:16]} Nxg3 {[%clk
1:01:49]} 17. hxg3 {[%clk 0:48:26]} Na5 {[%clk 0:58:23]} 18. Kh2 {[%clk 0:27:37]}
Nc4 {[%clk 0:57:30]} 19. Bf4 {[%clk 0:25:14]} Nxb2 {[%clk 0:36:43]} 20. Qxb2
{[%clk 0:20:10]} Bxf5 {[%clk 0:37:06]} 21. Bxf5 {[%clk 0:19:31]} Qxf5 {[%clk
0:37:33]} 22. Bxc7 {[%clk 0:19:30]} Rac8 {[%clk 0:33:48]} 23. Bf4 {[%clk
0:13:35]} Re6 {[%clk 0:29:22]} 24. Qxb7 {[%clk 0:11:49]} Rxc3 {[%clk 0:27:00]}
25. Rae1 {[%clk 0:06:31]} Rxa3 {[%clk 0:24:32]} 26. Rxe6 {[%clk 0:06:36]} fxe6
{[%clk 0:17:18]} 27. Re1 {[%clk 0:07:02]} Ra4 {[%clk 0:10:51]} 28. Qb8 {[%clk
0:05:17]} Ra2 {[%clk 0:09:52]} 29. Bd6 {[%clk 0:04:15]} Qxf3 {[%clk 0:09:44]} 30.
Qxf8+ {[%clk 0:02:59]} Qxf8 {[%clk 0:10:11]} 31. Bxf8 {[%clk 0:03:22]} Kxf8
{[%clk 0:10:35]} 32. Rxe6 {[%clk 0:03:49]} Ra4 {[%clk 0:09:21]} 33. Rd6 {[%clk
0:03:53]} Rxd4 {[%clk 0:09:39]} 34. Ra6 {[%clk 0:04:20]} Kf7 {[%clk 0:07:56]} 35.
Rxa7+ {[%clk 0:04:13]} Kf6 {[%clk 0:08:22]} 36. Kg1 {[%clk 0:04:38]} Rg4 {[%clk
0:07:13]} 37. Kf2 {[%clk 0:05:03]} Ke5 {[%clk 0:07:29]} 38. Kf3 {[%clk 0:04:55]}
Rg6 {[%clk 0:07:54]} 39. g4 {[%clk 0:03:26]} h6 {[%clk 0:07:20]} 40. Rb7 {[%clk
0:30:38]} Rf6+ {[%clk 0:36:39]} 41. Ke3 {[%clk 0:28:03]} d4+ {[%clk 0:35:48]} 42.
Kd3 {[%clk 0:27:35]} Rg6 {[%clk 0:32:35]} 43. Re7+ {[%clk 0:14:05]} Kf4 {[%clk
0:32:57]} 44. Kxd4 {[%clk 0:14:29]} Kg3 {[%clk 0:31:56]} 45. Re2 {[%clk 0:13:28]}
Rxg4+ {[%clk 0:31:34]} 46. Ke5 {[%clk 0:13:52]} Rg6 {[%clk 0:29:00]} 47. Ra2
{[%clk 0:13:59]} Kh2 {[%clk 0:29:00]} 0-1

[Event "Baku Chess Olympiad | Open"]
[Site "chess24.com"]
[Date "2016.09.12"]
[Round "10"]
[White "Lorenzana, Wilson Estuardo"]
[Black "Garcia Paolicchi, Raul"]
[Result "0-1"]
[Board "3"]
[WhiteID "7300239"]
[WhiteElo "2239"]
[WhiteTitle "IM"]
[WhiteCountry "GUA"]
[WhiteFideId "7300239"]
[WhiteEloChange "-12"]
[BlackID "6900020"]
[BlackElo "2153"]
[BlackTitle "FM"]
[BlackCountry "AND"]
[BlackFideId "6900020"]
[BlackEloChange "12"]

1. e4 {[%clk 1:30:45]} c6 {[%clk 1:30:47]} 2. d4 {[%clk 1:30:55]} d5 {[%clk
1:31:11]} 3. e5 {[%clk 1:30:17]} c5 {[%clk 1:31:20]} 4. c4 {[%clk 1:23:48]} cxd4
{[%clk 1:30:42]} 5. Nf3 {[%clk 1:24:05]} Nc6 {[%clk 1:20:29]} 6. Nxd4 {[%clk
1:23:28]} e6 {[%clk 1:18:25]} 7. Nc3 {[%clk 1:19:02]} Qb6 {[%clk 1:05:47]} 8.
Nxc6 {[%clk 1:04:43]} bxc6 {[%clk 1:06:13]} 9. Bd3 {[%clk 1:05:08]} Ba6 {[%clk
0:54:58]} 10. cxd5 {[%clk 1:05:00]} Bxd3 {[%clk 0:54:58]} 11. Qxd3 {[%clk
1:04:51]} cxd5 {[%clk 0:53:46]} 12. Be3 {[%clk 1:05:02]} Qb7 {[%clk 0:49:13]} 13.
Qb5+ {[%clk 1:00:26]} Qd7 {[%clk 0:41:21]} 14. Qxd7+ {[%clk 0:58:24]} Kxd7 {[%clk
0:38:54]} 15. Nb5 {[%clk 0:58:45]} a6 {[%clk 0:35:11]} 16. Na7 {[%clk 0:59:08]}
Bb4+ {[%clk 0:32:39]} 17. Ke2 {[%clk 0:59:30]} Ne7 {[%clk 0:32:33]} 18. Rhc1
{[%clk 0:49:35]} Rhb8 {[%clk 0:31:20]} 19. Rc2 {[%clk 0:48:07]} Rb7 {[%clk
0:31:05]} 20. Rac1 {[%clk 0:45:11]} Raxa7 {[%clk 0:31:06]} 21. Bxa7 {[%clk
0:45:35]} Rxa7 {[%clk 0:31:30]} 22. f4 {[%clk 0:43:54]} Ba5 {[%clk 0:30:14]} 23.
Kd3 {[%clk 0:41:01]} f6 {[%clk 0:29:56]} 24. Re2 {[%clk 0:35:37]} fxe5 {[%clk
0:25:40]} 25. fxe5 {[%clk 0:34:22]} Ng6 {[%clk 0:23:52]} 26. Rf1 {[%clk 0:34:50]}
Ke7 {[%clk 0:23:39]} 27. g3 {[%clk 0:34:00]} Bc7 {[%clk 0:22:45]} 28. Kd4 {[%clk
0:34:24]} Rb7 {[%clk 0:22:51]} 29. Rc1 {[%clk 0:30:10]} Kd7 {[%clk 0:22:33]} 30.
b3 {[%clk 0:29:28]} Rb4+ {[%clk 0:18:54]} 31. Kc3 {[%clk 0:29:53]} Rg4 {[%clk
0:18:52]} 32. Rf1 {[%clk 0:25:59]} Bxe5+ {[%clk 0:18:58]} 33. Kd3 {[%clk
0:26:02]} Bf6 {[%clk 0:18:44]} 34. Rc2 {[%clk 0:26:22]} Rb4 {[%clk 0:18:19]} 35.
Rfc1 {[%clk 0:26:22]} Rb7 {[%clk 0:18:42]} 36. h4 {[%clk 0:23:48]} e5 {[%clk
0:18:31]} 37. Rc6 {[%clk 0:22:16]} Ra7 {[%clk 0:16:46]} 38. Rb6 {[%clk 0:21:08]}
Ne7 {[%clk 0:16:44]} 39. Rc5 {[%clk 0:19:19]} e4+ {[%clk 0:14:26]} 40. Ke2 {[%clk
0:49:43]} Bd4 {[%clk 0:14:26]} 0-1